01016nab a2200193 i 4500001000400000003000400004005001700008008003900025040000800064080001200072100012700084245020400211260001000415500002100425520017100446650001400617650002400631773016700655BPPBPK20160604115517.0160112s1978 pl | | |000 ||pol cBPK a796.012 aWOJCIECHOWSKI, Leszek.d1968 - 1996.bWyższa Szkoła Inżynierska w Koszalinie - Studium Wychowania Fizycznego i Sportu aZmiany sezonowe fałdy skórno-tłuszczowej u studentek Wydziału Budownictwa Lądowego i Mechanicznego Wyższej Szkoły Inżynierskiej w Koszalinie w latach: 1972 - 1974 /cLeszek Wojciechowski. c1978. aDane z autopsji. aCelem niniejszego opracowania jest przedstawienie zmian zachodzących w grubości fałdy brzusznej i fałdy grzbietowej u studentek szkolnych w latach: 1972 - 1974. 0aStudenci. 0aTkanka tłuszczowa. iW :tZeszyty Naukowe Wyższej Szkoły Inżynierskiej w Koszalinie. Prace Studiów Wychowania Fizycznego i Sportu Uczelni Technicznych. -g1978, nr 5, s. 94-100